| 000 | 03253nam a2200229Ia 4500 | ||
|---|---|---|---|
| 999 |
_c27327 _d27327 |
||
| 003 | OSt | ||
| 005 | 20210125121409.0 | ||
| 008 | 160316s2010 xxu||||| |||| 00| 0 eng d | ||
| 020 | _a9788181595003 | ||
| 040 | _cnls | ||
| 082 |
_a343.0878 _bRED |
||
| 100 | _aReddy P Veera | ||
| 245 | _aGuide to special economic zones | ||
| 250 | _a16th | ||
| 260 |
_aMumbai _bSnow White Publications Pvt. Ltd. _c2010 |
||
| 300 |
_a336p _cviii |
||
| 365 | _bGratis | ||
| 505 | _aContents; Dedicated to; About the Author; Preface to the Sixteenth Edition; About the Book; Chapter 1. An Introduction; Chapter 2. Administrative Control; Chapter 3. Airports; Chapter 4. Appeals; Chapter 5. Approvals; Chapter 6. Application; Chapter 7. Authorized Operations; Chapter 8. Bond & BS; Chapter 9. Bond-Cum-Legal Undertaking; Chapter 10. Capital Goods; Chapter 11. Cenvat; Chapter 12. Cement; Chapter 13. Clearances 7 Days in a Week; Chapter 14. Co-Relation between import & export Consignments; Chapter 15. Debonding; Chapter 16. DEPB; Chapter 17. Depreciation; Chapter 18. Destruction of Goods; Chapter 19. Development Commissioner; Chapter 20. Development of SEZS; Chapter 21. Drawback; Chapter 22. EEFC Account; Chapter 23. Environmental Laws; Chapter 24. Exhibition; Chapter 25. Exports; Chapter 26. FTWZ Issues; Chapter 27. GEM and Jewellery; Chapter 28. Guidelines for Field Formations; Chapter 29. Hazardous Waste; Chapter 30. Imports; Chapter 31. Incentives and Facilities; Chapter 32. Income Tax Benefits; Chapter 33. Infrastructure; Chapter 34. Inspection; Chapter 35. IT/ITES SEZs; Chapter 36. Labour; Chapter 37. Land; Chapter 38. Merchant Exporter or Status Holder; Chapter 39. Monitoring of Performance; Chapter 40. Motor Spirit and HSD; Chapter 41. NDPS Act; Chapter 42. NET Foreign Exchange Earnings; Chapter 43. Obligations; Chapter 44. Offshore Banking Units; Chapter 45. Overriding Effect; Chapter 46. Penal Action; Chapter 47. Ports; Chapter 48. Power; Chapter 49. Post-Shipment Rupee Export Credit; Chapter 50. Procurement; Chapter 51. Prohibited and Restricted Goods; Chapter 52. Rebate; Chapter 53. Refund; Chapter 54. Reimbursement of Duty; Chapter 55. Re-Import; Chapter 56. Removal of Goods to Bonded Warehouse; Chapter 57. Repair, Replacement Etc.; Chapter 58. Report; Chapter 59. Return; Chapter 60. Service Tax; Chapter 61. Services; Chapter 62. Setting up of Special Economic Zone; Chapter 63. Setting up of Unit in SEZ; Chapter 64. Single Window Clearance; Chapter 65. Small Scale Units; Chapter 66. Software; Chapter 67. Sub-Contracting; Chapter 68. Stamp Duty; Chapter 69. State Government; Chapter 70. Supplies to DTA; Chapter 71. Si[[;oes tp SEZ; Chapter 72. Temporary Removals to DTA; Chapter 73. Terms and Conditions; Chapter 74. Time Bound Disposal of Applications; Chapter 75. Trading Units; Chapter 76. Transfer of Goods; Chapter 77. Transfer of Units; Chapter 78. Waste and Scrap; Chapter 79. Water; Appendix. | ||
| 650 | _a1. Economic Develoment Programmes2. Foreign Investment Programmes3. Foreign Direct Investment 4. Economic Incentives 5. Special Economic Zones - Law & Legislation - India | ||
| 700 |
_aMamatha P _a |
||
| 942 |
_2ddc _cBK |
||